000 00456nam a2200157Ia 4500
999 _c45537
_d45537
003 GCL
005 20240530104220.0
008 140319s9999 xx 000 0 ara d
040 _aGCL /
_cGCL
082 0 4 _a270.7
_bا و
100 1 _aاكرام لمعى
245 1 0 _aالوجه الاخر لتعاليم المسيح /
_cاكرام لمعى
260 _a[S.N] :
_bدار الثقافة العربية ،
_c1994
300 _a140 ص
942 _2ddc
_cBK